000 00797cam a2200301 4500
001 J2757
008 090401t1994 xxu||||| |||| 00| 0 eng d
035 _a(Sirsi) u51057
041 _aeng
050 _a364.162
100 _aHarrington-Lynn, J.
245 4 _aThe role of windows in domestic burglary.
260 _aGarston, Watford
_bBuilding Research Establishment
_c1994
300 _a(4)p. ; 30cm.
350 _a0
490 _aBRE Information Paper
_v18/94
650 _aBURGLARIES
650 _aCRIME
650 _aDOMESTIC BURGLARIES
650 _aRESIDENTIAL PROPERTY
_96266
650 _aSECURITY
650 _aWINDOW DESIGN
690 _aBUILT ENVIRONMENT
700 _aPascoe, T.
710 _aBuilding Research Establishment
942 _n0
948 _c04/03/1997
999 _c92809
_d92809